Miasta Europy z najwyższymi budynkami - Statystyki

Ogólne statystyki
  • Ten quiz został rozwiązany 29 razy
  • Średni wynik to 8 z 10
Statystyki odpowiedzi
Wysokość (m) Miasto Nazwa budynku % Poprawnych
309,6 Londyn The Shard
100%
374 Moskwa Federation: East Tower
97%
310 Warszawa Varso Tower
97%
249 Madryt Torre De Cristal
90%
242 Paryż The Link
86%
462 Sankt Petersburg Lakhta Center
76%
284 Stambuł Skyland Istanbul
69%
259 Frankfurt Commerzbank Tower
66%
231 Mediolan Unicredit Tower
66%
247 Goteborg Karlatornet
10%
Nie znaleziono quizów pasujących do podanych kryteriów
Rozkład punktacji
Procent ludzi z każdym wynikiem
Percentyl według liczby udzielonych odpowiedzi
Twoja historia wyników
Nie rozwiązałeś tego quizu